| 000 | 00840nam a22002537a 4500 | ||
|---|---|---|---|
| 005 | 20170123162340.0 | ||
| 010 | _aB-029241 | ||
| 020 | _c100.00 | ||
| 035 | _aB-029241 | ||
| 037 | _bCen Lib/Ret | ||
| 040 |
_aDPL _bUR |
||
| 082 |
_a847 _bر ض و |
||
| 100 |
_aرضوی، س-م- کوثر _9126615 |
||
| 245 |
_aشادبیاں : _cشاذ تمکند _bتنظر و مزاح اور انشاے / |
||
| 246 |
_aShayabiyan : tanzar mazaeh aur inshaye / _bby S. M. Kosar Rizvi |
||
| 260 |
_bنرالی دنیا پبلکشنس _c2000 _aنیی دہلی |
||
| 270 | _bنیی دہلی | ||
| 300 |
_a128p. _c20cm(Hb) |
||
| 650 |
_aادب -- اردو _9126616 |
||
| 650 |
_aاردو مضامین _9126617 |
||
| 650 |
_aLiterature -- Urdu _9126618 |
||
| 650 |
_aUrdu essays _9528 |
||
| 942 |
_2ddc _cUR _h847 _mر ض و |
||
| 999 |
_c108433 _d108433 |
||